000 00477nam a2200181Ia 4500
001 19047
005 20260306171715.0
008 260306s9999||||xx |||||||||||||| ||und||
041 _aESP
082 _a658.8
_bC65
100 _aCisneros Enríquez, Andrés
_eAUT
245 0 _aNeuromarketing y neuroeconomía:
_bcódigo emocional del consumidor
260 _c2014
300 _axiii, 146 páginas :
_c24 cm.
650 _aGEN
654 _aCAN
942 _cLIB
_dJUS
_fJUS
_2ddc
_n
999 _c19047
_d19047